Dôležitá úloha komunitného centra vo vzdelávaní detí z marginalizovaných skupín

Náhľad na problematiku komunitných centier a ich prepojenie so vzdelávaním detí z marginalizovaných skupín. Teoretické informácie súvisiace so založením a fungovaním komunitných centier, ako aj úspešný príklad využitia komunitného centra vo vzdelávaní detí z marginalizovaných skupín a pri zlepšovan...

Full description

Saved in:
Bibliographic Details
Main Author: Koreňová, Soňa
Other Authors: Berecz, Kristián
Format: Book Chapter
Language:Slovak
Subjects:
Tags: Add Tag
No Tags, Be the first to tag this record!

MARC

LEADER 00000naa a2200000 4500
001 0247151
005 20180827112232.6
041 0 |a slo 
044 |a SK 
245 1 0 |a Dôležitá úloha komunitného centra vo vzdelávaní detí z marginalizovaných skupín  |c Soňa Koreňová, Kristián Berecz 
520 |a Náhľad na problematiku komunitných centier a ich prepojenie so vzdelávaním detí z marginalizovaných skupín. Teoretické informácie súvisiace so založením a fungovaním komunitných centier, ako aj úspešný príklad využitia komunitného centra vo vzdelávaní detí z marginalizovaných skupín a pri zlepšovaní ich výchovno-vzdelávacích výsledkov v praxi. 
610 2 0 |a vzdelávanie 
610 2 0 |a politika sociálna 
610 2 0 |a skupiny sociálne 
610 2 0 |a menšiny národnostné 
610 2 0 |a Rómovia 
610 2 0 |a integrácia sociálna 
610 2 0 |a služby sociálne 
100 1 |a Koreňová, Soňa 
700 1 |a Berecz, Kristián